Les aborigénes australiens.
Saved in:
| Main Author: | |
|---|---|
| Format: | Book |
| Language: | French |
| Published: |
París, Francia
Gallimard
1967
|
| Series: | Bibliotheque des Sciences Humaines
|
| Subjects: | |
| Tags: |
Add Tag
No Tags, Be the first to tag this record!
|
MARC
| LEADER | 00000nam a2200000 a 4500 | ||
|---|---|---|---|
| 001 | UCY1903 | ||
| 003 | CL-VaPUC | ||
| 005 | 20250227154002.0 | ||
| 008 | 940928e19670000FR |||||||||||||||||fre|d | ||
| 999 | |c 230477 |d 230475 | ||
| 040 | |c Pontificia Universidad Católica de Valparaíso | ||
| 082 | 0 | 4 | |a 909.04991 ELK 1967 |2 21 |
| 100 | 0 | |a Elkin, A. P |9 329971 | |
| 245 | 1 | 4 | |a Les aborigénes australiens. |
| 260 | 0 | 3 | |a París, Francia |b Gallimard |c 1967 |
| 300 | |a 451 páginas. | ||
| 490 | 0 | |a Bibliotheque des Sciences Humaines | |
| 583 | |a last modification |c 20121001 12:27:23 |k Rodrigo Vera | ||
| 650 | 0 | |a Aborígenes |9 329972 | |
| 650 | 7 | |a HISTORIA DE AUSTRALIA |2 CL-VaPUC |9 329973 | |
| 650 | 0 | |a Vida social y costumbres |9 258725 | |
| 942 | |c BK |2 ddc | ||
| 945 | |d 19940928 00:00:00 |a oaravena | ||
| 952 | |0 0 |1 0 |2 ddc |4 0 |6 909_049910000000000_ELK_1967 |7 0 |8 A |9 232782 |a BIBART |b BIBART |d 2019-11-15 |i 301987K |o 909.04991 ELK 1967 |p 301987K |r 2025-03-13 |t 1 |w 2019-11-15 |y BK |k ART | ||